000 00634nam a2200229 a 4500
001 64307
003 BD-RjUL
005 20211209081306.0
008 500101t19761953en 000 1 eng d
035 _a(BD-RjUL)64437
040 _aAZT
_cAZT
_dBD-RjUL
_beng
041 _aeng
082 _223
_a823.912
_bAML 1959
100 1 _aAmis, Kingsley.
_9190949
245 1 0 _aLucky Jim /
_cKingsley Amis
260 _aLondon :
_blandsborough limited,
_c1959.
300 _a221 p. ;
_c19 cm.
490 _aA four source book
650 _aTalking books
_vCollege teachers
_9190950
830 _aA four source book
_9190951
942 _2ddc
_cBK
999 _c64307
_d64307